|
|
|
|
| LEADER |
02155cam a2200565 i 4500 |
| 001 |
nkc20213377153 |
| 003 |
CZ PrNK |
| 005 |
20230703095303.0 |
| 007 |
ta |
| 008 |
211111s2021 xr acehe 000 0 cze d |
| 015 |
|
|
|a cnb003377153
|
| 020 |
|
|
|a 978-80-907295-9-9
|q (brožováno)
|
| 035 |
|
|
|a (OCoLC)1393197814
|
| 040 |
|
|
|a ULG001
|b cze
|d BOA001
|e rda
|
| 043 |
|
|
|a e-cs---
|a e-xr---
|b e-xr-pg
|2 czenas
|
| 045 |
|
|
|a x1x3
|
| 072 |
|
7 |
|a 343.9
|x Kriminalistika
|2 Konspekt
|9 16
|
| 080 |
|
|
|a 343.3/.7
|2 MRF
|
| 080 |
|
|
|a 343.132:351.74
|2 MRF
|
| 080 |
|
|
|a (437)
|2 MRF
|
| 080 |
|
|
|a (437.311)
|2 MRF
|
| 080 |
|
|
|a (0:82-96)
|2 MRF
|
| 100 |
1 |
|
|a Hrubý, Dan,
|d 1968-
|7 jn20000401090
|4 aut
|
| 245 |
1 |
0 |
|a Pražské mordy.
|p Skutečné kriminální případy z let první republiky (1918-1938) /
|c Dan Hrubý
|
| 246 |
3 |
0 |
|a Skutečné kriminální případy z let první republiky (1918-1938)
|
| 250 |
|
|
|a Vydání první
|
| 264 |
|
1 |
|a Praha :
|b Pražské příběhy s.r.o.,
|c 2021
|
| 300 |
|
|
|a 405 stran :
|b ilustrace, portréty, plány, faksimile ;
|c 23 cm
|
| 336 |
|
|
|a text
|b txt
|2 rdacontent
|
| 336 |
|
|
|a statický obraz
|b sti
|2 rdacontent
|
| 337 |
|
|
|a bez média
|b n
|2 rdamedia
|
| 338 |
|
|
|a svazek
|b nc
|2 rdacarrier
|
| 500 |
|
|
|a V roce 2021 1. dotisk
|
| 648 |
|
7 |
|a 1918-1938
|7 ch460648
|2 czenas
|
| 650 |
0 |
7 |
|a kriminální případy
|7 ph121958
|z Československo
|y 1918-1938
|2 czenas
|
| 650 |
0 |
7 |
|a trestné činy
|7 ph116480
|z Československo
|y 1918-1938
|2 czenas
|
| 650 |
0 |
7 |
|a policejní vyšetřování
|7 ph158343
|z Československo
|y 1918-1938
|2 czenas
|
| 650 |
0 |
9 |
|a criminal cases
|z Czechoslovakia
|y 1918-1938
|2 eczenas
|
| 650 |
0 |
9 |
|a crimes
|z Czechoslovakia
|y 1918-1938
|2 eczenas
|
| 650 |
0 |
9 |
|a police enquiry
|z Czechoslovakia
|y 1918-1938
|2 eczenas
|
| 651 |
|
7 |
|a Praha (Česko)
|7 ge118011
|2 czenas
|
| 651 |
|
9 |
|a Prague (Czechia)
|2 eczenas
|
| 655 |
|
7 |
|a literatura faktu
|7 fd132773
|2 czenas
|
| 655 |
|
9 |
|a non-fiction
|2 eczenas
|
| 910 |
2 |
|
|a BOA001
|b 2-1506.106
|
| 920 |
|
|
|a 016020003794280
|z ULG001
|
| 990 |
|
|
|a BK
|
| 995 |
|
|
|a 01
|
| 991 |
|
|
|b 202303
|c NOV
|
| 996 |
6 |
|
|b 2610934327
|c 2-1506.106
|l MZK
|r Sklad / do 1 hodiny
|n 1
|p p.v.
|w 001919814
|u 000010
|a 1
|e BOA001
|j MZK50
|s P
|